|
|
|
|
| LEADER |
00602nam a22001931a 4500 |
| 020 |
|
|
|a 9788178847740
|c 0.00
|
| 040 |
|
|
|a SSUS - Library - Kalady
|
| 082 |
|
|
|a 418.02
|b BAW/A
|
| 100 |
|
|
|a Baweja R S
|
| 245 |
|
|
|a Applied cultural linguistics
|h [Text]
|
| 260 |
|
|
|a New Delhi
|b Cyber Tech
|c 2011
|
| 300 |
|
|
|a 272p.
|
| 600 |
|
|
|a Language
|
| 600 |
|
|
|a Linguistics
|
| 600 |
|
|
|a Translation
|
| 852 |
|
|
|h 418.02
|i BAW/A
|p 065658
|9 800.00
|t 0
|
| 942 |
|
|
|c BK
|
| 999 |
|
|
|c 2649
|d 2649
|
| 952 |
|
|
|0 0
|1 0
|4 0
|6 418_020000000000000_BAW_A
|7 0
|9 4069
|a SSUS
|b SSUS
|d 2015-01-08
|g 800.00
|o 418.02 BAW/A
|p 065658
|r 2015-01-08
|v 0.00
|w 2015-01-08
|y BK
|